| 000 -LEADER |
| fixed length control field |
00755nam a22001577a 4500 |
| 003 - CONTROL NUMBER IDENTIFIER |
| control field |
OSt |
| 005 - DATE AND TIME OF LATEST TRANSACTION |
| control field |
20161226091438.0 |
| 008 - FIXED-LENGTH DATA ELEMENTS--GENERAL INFORMATION |
| fixed length control field |
161226b xxu||||| |||| 00| 0 eng d |
| 040 ## - CATALOGING SOURCE |
| Transcribing agency |
RUA |
| 082 ## - DEWEY DECIMAL CLASSIFICATION NUMBER |
| Classification number |
AGR CHE 2007 B032 Or.32 |
| 100 ## - MAIN ENTRY--PERSONAL NAME |
| 9 (RLIN) |
11473 |
| Personal name |
CHEA SOPHAEK ,ជា សុភ័ក្រ្ត |
| 245 ## - TITLE STATEMENT |
| Title |
Efeecf of organic pesticide on vegetable of sampling farmer in svay reang agricultural department, ប្រសិទ្ធភាពថ្នាំផ្សំពីរុក្ខជាតិលើដំណាំបន្លែនៃក្រុមគោលដៅរបស់មន្ទីកសិកម្ម ខេត្តស្វាយរៀង |
| 260 ## - PUBLICATION, DISTRIBUTION, ETC. (IMPRINT) |
| Place of publication, distribution, etc. |
RUA |
| Name of publisher, distributor, etc. |
2007 |
| Date of publication, distribution, etc. |
Phnom Pehn |
| 300 ## - PHYSICAL DESCRIPTION |
| Extent |
x ; 45p. |
| Other physical details |
ill. |
| Dimensions |
29cm. |
| 942 ## - ADDED ENTRY ELEMENTS (KOHA) |
| Source of classification or shelving scheme |
|
| Koha item type |
AGR |